000 00386nam a2200133Ia 4500
008 231129s1996||||xx |||||||||||||| ||spa||
040 _bspa
082 _aCo861.08 E56
100 _aEncuentro de Escritores Risaraldenses (1996 : Pereira)
245 0 _aSegundo Encuentro de Escritores Risaraldenses
260 _c1996
264 _aInstituto Risaraldense de Cultura
942 _2ddc
_cBKS
999 _c24411
_d24411